| 000 | 00560nam a2200229Ia 4500 | ||
|---|---|---|---|
| 003 | OSt | ||
| 005 | 20220912144338.0 | ||
| 006 | a|||||r|||| 00| 0 | ||
| 007 | ta | ||
| 008 | 220909b |||||||| |||| 00| 0 eng d | ||
| 020 | _aSL0710582 | ||
| 024 | _a196149 | ||
| 037 | _cTextual | ||
| 040 |
_aCSL _beng _cCSL |
||
| 041 | _aeng | ||
| 082 | _aY2-773.N7, M0 | ||
| 100 | _aPettigrew T F | ||
| 245 | 0 | _aThe sociology of race relations | |
| 700 | _aPettigrew T F | ||
| 942 |
_hY2-773.N7, M0 _cTEXL _2CC |
||
| 999 |
_c5572 _d5572 |
||